| 000 | 01201nam0a22002771 4500 | ||
|---|---|---|---|
| 001 | rc\2244764 | ||
| 005 | 20110829181925.0 | ||
| 035 | _a(NLR Aleph) 006712029 | ||
| 090 |
_a5353096 _c5353096 |
||
| 100 | _a20110829d1979 |||y0rusy50 ca | ||
| 101 | 0 | _arus | |
| 102 | _aRU | ||
| 105 | _ay z ||||| | ||
| 200 | 1 |
_aВрачебно-трудовая экспертиза и профессиональная реабилитация при хроническом нейробруцеллезе _eМетод. рекомендации для врачей ВТЭК _fЦНИИ экспертизы трудоспособности и орг. труда инвалидов _g[Сост. Т.А. Сивуха, Е.М. Боева, А.К. Добржанская и др.] |
|
| 210 |
_aМосква _cЦИЭТИН _d1979 |
||
| 215 |
_a25 с. _d21 |
||
| 606 |
_aНейробруцеллез _2psbo |
||
| 702 | 1 |
_aБоева _bЕ. М. _4220 |
|
| 702 | 1 |
_aДобржанская _bА. К. _4220 |
|
| 702 | 1 |
_aСивуха _bТ. А. _gТамара Алексеевна _4220 |
|
| 801 | 0 |
_aRU _bNLR _gpsbo |
|
| 801 | 1 |
_aRU _bELAR _2rusmarc |
|
| 852 |
_aNLR _j79-6/1393 |
||
| 899 |
_aRuMoRGB _jM 79-5/995 |
||
| 942 | _cBOOK | ||
| 980 | _aNB | ||